[Event "Porto Sant Elpidio op 18th"]
[Site "Porto Sant Elpidio"]
[Date "2015.11.28"]
[Round "4"]
[White "Santinelli, Michele"]
[Black "Peretti, Feliciano"]
[Result "1-0"]
[WhiteElo "1961"]
[BlackElo "1170"]
[PlyCount "71"]
[EventDate "2015.11.21"]
[EventType "swiss"]
[EventRounds "6"]
[EventCountry "ITA"]
[SourceTitle "EXT 2018"]
[Source "ChessBase"]
[SourceDate "2017.10.13"]
[SourceVersion "1"]
[SourceVersionDate "2017.10.13"]
[SourceQuality "1"]

1. d4 Nf6 2. Bf4 g6 3. Nf3 Bg7 4. h3 d6 5. e3 0-0 6. Bd3 c5 7. c3 cxd4 8. exd4 Qb6 9. Qc2 Nc6 10. 0-0 Nd5 11. Bg3 e5 12. dxe5 dxe5 13. Nbd2 f5 14. Bc4 Qd8 15. Bh4 Qd7 16. Qd3 e4 17. Qxd5+ Qxd5 18. Bxd5+ Kh8 19. Ng5 Ne5 20. Nc4 h6 21. Nxe5 hxg5 22. Nxg6+ Kh7 23. Nxf8+ Bxf8 24. Bxg5 Rb8 25. Bf4 Ra8 26. Rad1 Bh6 27. Be5 a5 28. Bc4 Bg5 29. Rd6 a4 30. Rfd1 Ra5 31. R6d5 Ra7 32. Bc7 Kh6 33. Bb6 Ra8 34. Rd6+ Kh5 35. g3 f4 36. Bf7# 1-0

[Event "Porto Sant Elpidio op 18th"]
[Site "Porto Sant Elpidio"]
[Date "2015.11.22"]
[Round "2"]
[White "Vannicola, Roberto"]
[Black "Peretti, Feliciano"]
[Result "1/2-1/2"]
[WhiteElo "1540"]
[BlackElo "1170"]
[PlyCount "123"]
[EventDate "2015.11.21"]
[EventType "swiss"]
[EventRounds "6"]
[EventCountry "ITA"]
[SourceTitle "EXT 2018"]
[Source "ChessBase"]
[SourceDate "2017.10.13"]
[SourceVersion "1"]
[SourceVersionDate "2017.10.13"]
[SourceQuality "1"]

1. c4 Nf6 2. Nc3 g6 3. Nf3 Bg7 4. g3 d6 5. Bg2 0-0 6. 0-0 Nc6 7. d3 e5 8. Rb1 Nh5 9. Bd2 f5 10. Qc1 f4 11. e3 Bh6 12. b4 a5 13. b5 Nb4 14. Ne1 f3 15. Nxf3 Nxd3 16. Qd1 Be6 17. Nd5 b6 18. Ne1 Nxe1 19. Rxe1 Rc8 20. e4 Bxd2 21. Qxd2 Nf6 22. Rec1 Nd7 23. Qc2 Nc5 24. Bf1 Rf7 25. Nc3 Qf6 26. Rb2 Rcf8 27. Nd1 h5 28. Qe2 Qf3 29. Qxf3 Rxf3 30. Bg2 Rd3 31. Bf1 Rd4 32. Nc3 Nxe4 33. Nxe4 Rxe4 34. Bg2 Rxc4 35. Rbc2 Rxc2 36. Rxc2 Rf7 37. Be4 Kg7 38. Kg2 d5 39. Rc6 dxe4 40. Rxe6 Rf3 41. Re7+ Kf6 42. Rxc7 Rd3 43. Rc6+ Kf5 44. Rxb6 Rd2 45. Rc6 e3 46. Kf1 Rxf2+ 47. Ke1 Rxa2 48. Rc8 Rxh2 49. b6 Rb2 50. Rb8 a4 51. b7 a3 52. Rf8+ Kg4 53. b8Q Rxb8 54. Rxb8 Kxg3 55. Ra8 h4 56. Rxa3 Kg2 57. Rxe3 h3 58. Re2+ Kg3 59. Re3+ Kg2 60. Re2+ Kg3 61. Re3+ Kg2 62. Re2+ 1/2-1/2